ბათუმის შოთა რუსთაველის სახელმწიფო უნივერსიტეტის ბიბლიოთეკა

კლასის მართვა: კვლევებზე დაყრდნობით შემუშავებული მეთოდები მასწავლებლებისათვის / (ბიბ.ჩანაწერი № 37543)

000 -ლიდერი
ფიქსირებული სიგრძის საკონტროლო ველი 01857nam a2200313Ia 4500
001 - საკონტროლო ნომერი
საკონტროლო ველი 3508
003 - საკონტროლო ნომრის იდენტიფიკატორი
საკონტროლო ველი GE_BSU
005 - ბოლო ოპერაციის თარიღი და დრო
საკონტროლო ველი 20190619145006.0
008 - ფიქსირებული სიგრძის მონაცემთა ელემენტები - ზოგადი ინფორმაცია
ფიქსირებული სიგრძის საკონტროლო ველი 181216s2009||||ge |||||||||||||| ||geo||
020 ## - წიგნის საერთაშორისო სტანდარტული ნომერი
International Standard Book Number 9789941021206
040 ## - კატალოგიზაციის წყარო
Transcribing agency GE_BSU
080 ## - უნივერსალური ათობითი კლასიფიკაციის ინდექსი
Universal Decimal Classification number 371.213.1 მ–30
100 ## - მთავარი ჩანაწერი - პიროვნების სახელი
Personal name მარზანო, რობერტ ჯ.
9 (RLIN) 2600
245 ## - ცნობა სათაურის შესახებ
Statement of responsibility, etc რობერტ ჯ. მარზანო, იანა ს. მარზანო, დებრა ჯ. ფიქერინგი ; მთარგმნ.: მაია ჩანქსელიანი, თეო ნეფარიძე ; რედ. ნათია ნაცვლიშვილი.
Title კლასის მართვა: კვლევებზე დაყრდნობით შემუშავებული მეთოდები მასწავლებლებისათვის /
250 ## - გამოცემის ცნობა
Edition statement პირველი ქართული გამოცემა
264 ## - წარმოების, გამოცემის, დისტრიბუციის და სხვა ცნობები
გამოცემის, წარმოების, დისტრიბუციის... ადგილი თბილისი,
გამოცემის, წარმოების, დისტრიბუციის... თარიღი 2009.
300 ## - ფიზიკური აღწერა
Extent 161 გვ.;
Other physical details 24 სმ.
500 ## - ზოგადი შენიშვნა
General note დანართი: გვ. 140-150.
504 ## - BIBLIOGRAPHY, ETC. NOTE
Bibliography, etc ბიბლიოგრ.: გვ. 151-158.
653 ## - INDEX TERM--UNCONTROLLED
Uncontrolled term კლასის ხელმძღვანელი
653 ## - INDEX TERM--UNCONTROLLED
Uncontrolled term მასწავლებლები
653 ## - INDEX TERM--UNCONTROLLED
Uncontrolled term დისციპლინა სკოლაში
700 ## - ADDED ENTRY--PERSONAL NAME
Personal name მარზანო, იანა ს.
Relator term ავტორი
9 (RLIN) 2601
700 ## - ADDED ENTRY--PERSONAL NAME
Personal name ფიქერინგი, დებრა ჯ.
Relator term ავტორი
9 (RLIN) 2602
700 ## - ADDED ENTRY--PERSONAL NAME
Personal name ჩანქსელიანი, მაია
Relator term მთარგმნელი
9 (RLIN) 2570
700 ## - ADDED ENTRY--PERSONAL NAME
Personal name ნეფარიძე, თეო
Relator term მთარგმნელი
9 (RLIN) 2571
700 ## - ADDED ENTRY--PERSONAL NAME
Personal name ნაცვლიშვილი, ნათია
Relator term რედაქტორი
9 (RLIN) 890
942 ## - ADDED ENTRY ELEMENTS (KOHA)
Koha item type წიგნი
Source of classification or shelving scheme
ეგზემპლარები
ჩამოწერის სტატუსი დაკარგული ეგზემპლარის სტატუსი კლასიფიკაციის წყარო ან თაროზე გაწყობის სქემა დაზიანების სტატუსი არ გაიცემა მუდმივი მდებარეობა (დაცვის ადგილი) ამჟამინდელი ადგილსამყოფელი თაროზე განთავსების ადგილი შეძენის თარიღი სრული შენახვის შიფრი შტრიხკოდი ბოლო ოპერაციის თარიღი ეგზემპლარის მიმდევრობითი ნომერი (კეტერი?) ფასის ძალაში შესვლის თარიღი ეგზემპლარის სახეობა საჯარო შენიშვნა
          ბათუმის შოთა რუსთაველის სახელმწიფო უნივერსიტეტის მთავარი ბიბლიოთეკა ბათუმის შოთა რუსთაველის სახელმწიფო უნივერსიტეტის მთავარი ბიბლიოთეკა წიგნსაცავი 2018-12-17 371.213.1 მ–30 5003 2018-12-17 5003 2018-12-17 წიგნი
          ბათუმის შოთა რუსთაველის სახელმწიფო უნივერსიტეტის მთავარი ბიბლიოთეკა ბათუმის შოთა რუსთაველის სახელმწიფო უნივერსიტეტის მთავარი ბიბლიოთეკა წიგნსაცავი 2018-12-17 371.213.1 მ–30 5004 2018-12-17 5004 2018-12-17 წიგნი